pokemon 2 g ordre alphabetique - Statistiques

Statistiques générales
  • Ce quiz a été pris 34 fois
  • Le résultat moyen est 80 sur 100
Statistiques - réponses
Hint Réponse % Correct
9 aligatueur
100%
76 airmure
90%
43 axoloto
90%
50 zarbi
90%
100 celebi
85%
83 cerfrousse
85%
47 cornebre
85%
38 cotovol
85%
14 coxy
85%
15 coxyclaque
85%
8 crocrodil
85%
90 ecremeuh
85%
88 elekid
85%
95 embrylex
85%
5 feurisson
85%
37 floravol
85%
11 fouinar
85%
10 fouinette
85%
1 germignon
85%
52 girafarig
85%
36 granivol
85%
4 hericendre
85%
99 hooh
85%
12 hoothoot
85%
79 hyporoi
85%
31 joliflor
85%
7 kaiminus
85%
29 lainergie
85%
98 lugia
85%
2 macronium
85%
3 meganium
85%
22 melo
85%
17 migalos
85%
16 mimigal
85%
30 pharamp
85%
21 pichu
85%
65 teddiursa
85%
24 togepi
85%
25 togetic
85%
23 toudoudou
85%
6 typhlosion
85%
97 tyranocif
85%
66 ursaring
85%
28 wattouat
85%
27 xatu
85%
42 yanma
85%
96 ymphect
85%
33 azumarill
80%
74 cadoizo
80%
61 cizayox
80%
70 cochignon
80%
75 demanta
80%
78 demolosse
80%
93 entei
80%
49 feuforeve
80%
41 heliatronc
80%
55 insolourdo
80%
20 lanturn
80%
67 limagma
80%
87 lippouti
80%
19 loupio
80%
89 magby
80%
77 malosse
80%
69 marcacrin
80%
32 marill
80%
26 natu
80%
13 noarfang
80%
92 raikou
80%
57 steelix
80%
94 suicune
80%
35 tarpaud
80%
40 tournegrin
80%
68 volcaropod
80%
39 capumain
75%
62 caratroc
75%
85 debugant
75%
81 donphan
75%
59 granbull
75%
86 kapoera
75%
91 leuphorie
75%
44 maraiste
75%
45 mentali
75%
46 noctali
75%
18 nostenfer
75%
80 phanpy
75%
51 qulbutoke
75%
63 scarhino
75%
58 snubbull
75%
54 foretress
70%
73 octillery
70%
53 pomdepik
70%
84 queulorior
70%
72 remoraid
70%
34 simularbre
70%
64 farfuret
65%
60 qwilfish
65%
48 roigada
65%
56 scorplane
65%
82 porygon2
60%
71 corayon
55%
Aucun quiz correspondant
Distribution des résultats
% des personnes avec chaque résultat
Percentile par nombre de réponses
Votre historique - résultats
Vous n’avez pas pris ce quiz